000 00357nam a22001577a 4500
020 _a978-1-292-03981-7
082 _a650.01513
100 _aCleaves, Cheryl
245 _aBusiness Math Brief
250 _a10th
260 _aHarlow:
_bPerson,
_c2014
300 _a660p.: ill.; 28cm
700 _aHobbs, Margie
700 _aNoble, Jeffrey
942 _cBK
999 _c22205
_d22205